Fr. Conceicao Rodrigues College of Engineering

My family and other saints (Record no. 35150)

MARC details
000 -LEADER
fixed length control field 00305nam a2200145Ia 4500
082 ## - DEWEY DECIMAL CLASSIFICATION NUMBER
Classification number 808.83/NAR
Item number NAR
100 ## - MAIN ENTRY--PERSONAL NAME
Personal name Narayan/Kirin
245 ## - TITLE STATEMENT
Title My family and other saints
260 ## - PUBLICATION, DISTRIBUTION, ETC.
Name of publisher, distributor, etc. Happer collins
Date of publication, distribution, etc. 2007
366 ## - TRADE AVAILABILITY INFORMATION
Publishers's discount category 17.5
300 ## - PHYSICAL DESCRIPTION
Extent 339
546 ## - LANGUAGE NOTE
Language note ENGLISH
654 ## - SUBJECT ADDED ENTRY--FACETED TOPICAL TERMS
Focus term family
942 ## - ADDED ENTRY ELEMENTS (KOHA)
Koha item type BOOK
Holdings
Withdrawn status Lost status Damaged status Not for loan Collection Home library Current library Date acquired Source of acquisition Cost, normal purchase price Inventory number Total Checkouts Full call number Barcode Date last seen Cost, replacement price Price effective from Koha item type
        CRC Fr. Agnel's C.Rodrigues College of Engineering Fr. Agnel's C.Rodrigues College of Engineering 17/03/2023 Educational books and periodicals 243.38 191 dt 11/02/2009   808.83/NAR NAR 19349 17/03/2023 295.00   BOOK